000 00941nam a2200325Ia 4500
001 B6633
003 IT-RoPAU
008 130308s9999 xx 000 0 und d
040 _aIT-RoPAU
040 _cIT-RoPAU
041 _aITALIANO
100 _aCrosera S.
100 _gCodice Aut. SPICS: 39410
245 _aIndagine conoscitiva per l'educazione al rumore
245 _bRivista di musicoterapia , N.6-Dicembre 1988
250 _a1a ed.
260 _aTORINO
260 _bMinerva Medica
260 _c1988 [1° Ed.:1988 - Ed.Ling.Originale:1988]
300 _a"3 p. (prefazione: no ; testo: 3 [pagine: 107-109])"
500 _aValutazione di un Questionario Distribuito nelle Scuole Elementari e Mediedi Treviso.
650 _aSAGGI MUSICALI
650 _eCodice materia Spics: 7011
700 _aDupadi M.A.
700 _gCodice Aut. SPICS: 39411
942 _cBK
957 _71
999 _c38202
_d38202
999 _bSI
999 _g1